<?xml version="1.0" encoding="UTF-8"?>
<record
    xmlns:xsi="http://www.w3.org/2001/XMLSchema-instance"
    xsi:schemaLocation="http://www.loc.gov/MARC21/slim http://www.loc.gov/standards/marcxml/schema/MARC21slim.xsd"
    xmlns="http://www.loc.gov/MARC21/slim">

  <leader>01765na  a2200361   4500</leader>
  <controlfield tag="001">20928</controlfield>
  <controlfield tag="003">MIRAKIL</controlfield>
  <controlfield tag="005">20181213154841.0</controlfield>
  <controlfield tag="008">170129b        tu            000 0      </controlfield>
  <datafield tag="040" ind1=" " ind2=" ">
    <subfield code="a">Milas</subfield>
    <subfield code="b">tur</subfield>
    <subfield code="c">TR-AnCHP</subfield>
  </datafield>
  <datafield tag="041" ind1=" " ind2=" ">
    <subfield code="a">tur</subfield>
  </datafield>
  <datafield tag="082" ind1=" " ind2=" ">
    <subfield code="a">CHP 351.72</subfield>
    <subfield code="b">C3635s 2010</subfield>
  </datafield>
  <datafield tag="090" ind1=" " ind2=" ">
    <subfield code="a">BRO&#x15E;&#xDC;R 275</subfield>
  </datafield>
  <datafield tag="110" ind1=" " ind2=" ">
    <subfield code="a">Cumhuriyet Halk Partisi (CHP)</subfield>
    <subfield code="b">Genel Merkez (GM)</subfield>
  </datafield>
  <datafield tag="245" ind1=" " ind2=" ">
    <subfield code="a">Say&#x131;&#x15F;atay&#x131;n siyasalla&#x15F;t&#x131;r&#x131;lmas&#x131; ve ba&#x11F;&#x131;ms&#x131;z denetimin tasfiyesi</subfield>
    <subfield code="c">Cumhuriyet Halk Partisi Genel Merkezi</subfield>
  </datafield>
  <datafield tag="246" ind1=" " ind2=" ">
    <subfield code="a">Ba&#x11F;&#x131;ms&#x131;z denetimin tasfiyesi</subfield>
  </datafield>
  <datafield tag="260" ind1=" " ind2=" ">
    <subfield code="a">Ankara</subfield>
    <subfield code="b">[CHP]</subfield>
    <subfield code="c">2010</subfield>
    <subfield code="f">Gen&#xE7; Ofset</subfield>
  </datafield>
  <datafield tag="300" ind1=" " ind2=" ">
    <subfield code="a">13 s.</subfield>
    <subfield code="b">rnk. res.</subfield>
    <subfield code="c">21 sm.</subfield>
  </datafield>
  <datafield tag="440" ind1=" " ind2=" ">
    <subfield code="a">Cumhuriyet Halk Partisi yay&#x131;nlar&#x131;</subfield>
    <subfield code="p">Raporlar</subfield>
  </datafield>
  <datafield tag="505" ind1=" " ind2=" ">
    <subfield code="a">1. AKP say&#x131;&#x15F;tay denetiminden neden ho&#x15F;lanmaz? - 2. Say&#x131;&#x15F;tay&#x131;n siyasalla&#x15F;t&#x131;r&#x131;lmas&#x131; -- 3. Say&#x131;&#x15F;tay&#x131;n INTOSAI denetim standartlar&#x131;na g&#xF6;re denetim yapmas&#x131;n&#x131;n engellenmesi - 4. Say&#x131;&#x15F;tay'&#x131;n performans denetimi yetkisinin elinden al&#x131;nmas&#x131; - 5. Say&#x131;&#x15F;tay&#x131;n yapt&#x131;&#x11F;&#x131; performans denetimlerine ili&#x15F;kin raporlar&#x131;n say&#x131;&#x15F;tay ba&#x15F;kan&#x131; taraf&#x131;ndan s&#xFC;menalt&#x131; edilmesi</subfield>
  </datafield>
  <datafield tag="610" ind1=" " ind2=" ">
    <subfield code="a">CHP</subfield>
    <subfield code="x">Raporlar</subfield>
    <subfield code="y">Say&#x131;&#x15F;tay</subfield>
  </datafield>
  <datafield tag="650" ind1=" " ind2=" ">
    <subfield code="a">Hukuk ve yasama</subfield>
  </datafield>
  <datafield tag="650" ind1=" " ind2=" ">
    <subfield code="a">Mali denetim</subfield>
    <subfield code="x">Say&#x131;&#x15F;tay</subfield>
    <subfield code="z">T&#xFC;rkiye</subfield>
  </datafield>
  <datafield tag="650" ind1=" " ind2=" ">
    <subfield code="a">Say&#x131;&#x15F;tay</subfield>
  </datafield>
  <datafield tag="740" ind1=" " ind2=" ">
    <subfield code="a">Say&#x131;&#x15F;tay&#x131;n yapt&#x131;&#x11F;&#x131; performans denetimlerine ili&#x15F;kin raporlar&#x131;n say&#x131;&#x15F;tay ba&#x15F;kan&#x131; taraf&#x131;ndan s&#xFC;menalt&#x131; edilmesi</subfield>
  </datafield>
  <datafield tag="740" ind1=" " ind2=" ">
    <subfield code="a">Say&#x131;&#x15F;tay&#x131;n performans denetimi yetkisinin elinden al&#x131;nmas&#x131;</subfield>
  </datafield>
  <datafield tag="740" ind1=" " ind2=" ">
    <subfield code="a">Say&#x131;&#x15F;tay&#x131;n INTOSAI denetim standartlar&#x131;na g&#xF6;re denetim yapmas&#x131;n&#x131;n engellenmesi </subfield>
  </datafield>
  <datafield tag="740" ind1=" " ind2=" ">
    <subfield code="a">AKP say&#x131;&#x15F;tay denetiminden neden ho&#x15F;lanmaz? </subfield>
  </datafield>
  <datafield tag="740" ind1=" " ind2=" ">
    <subfield code="a">Ba&#x11F;&#x131;ms&#x131;z denetimin tasfiyesi</subfield>
  </datafield>
  <datafield tag="830" ind1=" " ind2=" ">
    <subfield code="a">CHP raporlar&#x131;</subfield>
  </datafield>
  <datafield tag="942" ind1=" " ind2=" ">
    <subfield code="2">dcc</subfield>
    <subfield code="c">BKS</subfield>
  </datafield>
  <datafield tag="952" ind1=" " ind2=" ">
    <subfield code="5">1</subfield>
    <subfield code="a">0001</subfield>
    <subfield code="b">0001</subfield>
    <subfield code="d">2017-01-29</subfield>
    <subfield code="e">2</subfield>
    <subfield code="f"> BRO&#x15E;&#xDC;RLER</subfield>
    <subfield code="l">0</subfield>
    <subfield code="o">BRO&#x15E;&#xDC;R 275</subfield>
    <subfield code="p">013167</subfield>
    <subfield code="r">2017-01-29 00:00:00</subfield>
    <subfield code="t">k.10</subfield>
    <subfield code="w">2017-01-29</subfield>
    <subfield code="y">VIS</subfield>
  </datafield>
  <datafield tag="999" ind1=" " ind2=" ">
    <subfield code="c">1983</subfield>
    <subfield code="d">1983</subfield>
  </datafield>
</record>
